|
|
|
|
| LEADER |
00000cam a2200000 i 4500 |
| 001 |
1/863 |
| 008 |
950705m19821984fr | ||| |||| ||eng|| |
| 020 |
|
|
|a 0006860796
|q (τ. 3)
|
| 020 |
|
|
|a 0006860788
|q (τ. 2)
|
| 035 |
|
|
|l 10014231
|
| 040 |
|
|
|a GR-MyUA
|b gre
|e AACR2
|
| 041 |
1 |
|
|a eng
|h fre
|
| 082 |
7 |
|
|a 330.9
|2 (22)
|
| 100 |
1 |
|
|a Braudel, Fernand.
|
| 245 |
1 |
0 |
|a Civilization and capitalism :
|b 15th-18th century /
|c Fernand Braudel ; translation from the French by Sian Reynolds.
|
| 260 |
|
|
|a Paris ;
|a London :
|b Fontana ,
|c 1982-1984.
|
| 300 |
|
|
|a 3 τ. ;
|c 24 εκ.
|
| 500 |
|
|
|a Τίτλος πρωτοτύπου: Les jeux de l'echange.
|
| 505 |
8 |
|
|a Τ. 1. The structures of everyday life : the limits of the possible -- τ. 2. The wheels of commerce -- τ. 3. The perspective of the world.
|
| 650 |
0 |
0 |
|a Economic history.
|
| 650 |
0 |
0 |
|a Social history.
|
| 650 |
0 |
0 |
|a Civilization, Modern
|x History.
|
| 700 |
1 |
|
|a Reynolds, Sian,
|e trl
|
| 765 |
0 |
8 |
|i Μετάφραση του:
|t Civilisation matérielle, économie et capitalisme :
|
| 852 |
|
|
|a INST
|b LESVOS
|e 19950705
|h 330.9 BRA
|p 005100008048
|q 005100008048
|t BK
|v τ.3:
|y 0
|z τ.3
|
| 852 |
|
|
|a INST
|b LESVOS
|e 19950705
|h 330.9 BRA
|p 005100008049
|q 005100008049
|t BK
|v τ.2:
|y 0
|z τ.2
|
| 853 |
|
|
|a INST
|b LESVOS
|h 330.9 BRA
|
| 922 |
|
|
|a 1ΕΛΗ
|b 198708
|c ΠΠ/8712
|